00611cam a2200205 a 450000100100000000500170001000800410002702000150006804000250008308200180010810000330012624500430015926000560020230000210025849000210027958600340030065000240033465000260035883000210038400002500420200930023513.0901219s1993 sp a 000 e spa d a8433913700 aDO-SdBNPbspacBNPHU a864.64bP986v1 aPuértolas, Soledad,d1947-13aLa vida oculta /cSoledad Puértolas. aBarcelona, (España) :bEditorial Anagrama,c1993. a297 p. ;c22 cm.1 aArgumentos,v140 aXXI premio Anagrama de Ensayo 4aEnsayos españoles 4aLiteratura española 0aArgumentos,v140